000 00285nam a22001337a 4500
008 180111b xxu||||| |||| 00| 0 eng d
020 _a12936
041 _aeng
080 _a821
100 _a21
101 _aGJL
245 _aEngland in Literature
_cMcDonnell, H
942 _2udc
_cBK
999 _c40147
_d40147